Manažment
Uložené v:
| Hlavný autor: | |
|---|---|
| Médium: | Kniha |
| Jazyk: | Slovak |
| Vydavateľské údaje: |
Bratislava
Elita
1997
|
| Vydanie: | 1. vyd. |
| Predmet: | |
| Tagy: |
Žiadne tagy, Buďte prvý, kto otaguje tento záznam!
|
MARC
| LEADER | 00000nam a2200000 4500 | ||
|---|---|---|---|
| 001 | c019014 | ||
| 005 | 20230524140715.7 | ||
| 020 | |a 80-8044-015-8 | ||
| 041 | 0 | |a slo | |
| 044 | |a SK | ||
| 245 | 1 | 0 | |a Manažment |c Mikuláš Sedlák |
| 250 | |a 1. vyd. | ||
| 264 | 1 | |a Bratislava |b Elita |c 1997 | |
| 300 | |a 453 s. | ||
| 610 | 2 | 0 | |a manažment |
| 610 | 2 | 0 | |a riadenie |
| 610 | 2 | 0 | |a veda o riadení |
| 610 | 2 | 0 | |a vzťahy medziľudské |
| 610 | 2 | 0 | |a procesy rozhodovacie |
| 610 | 2 | 0 | |a systémy informačné |
| 610 | 2 | 0 | |a informácie |
| 610 | 2 | 0 | |a plánovanie |
| 610 | 2 | 0 | |a kontrola |
| 610 | 2 | 0 | |a plánovanie strategické |
| 610 | 2 | 0 | |a štruktúra organizačná |
| 610 | 2 | 0 | |a vedenie podniku |
| 610 | 2 | 0 | |a komunikácia |
| 610 | 2 | 0 | |a motivácia |
| 610 | 2 | 0 | |a manažéri |
| 100 | 1 | |a Sedlák, Mikuláš | |